Country flags with words on them - Statistics

General Stats
  • This quiz has been taken 300 times
    285 since last reset
  • The average score is 6 of 19
Answer Stats
Hint Answer % Correct
Brazil
86%
Saudi Arabia
64%
Iraq
46%
Iran
36%
Spain
31%
Nicaragua
29%
Paraguay
28%
Belize
27%
El Salvador
27%
Afghanistan
24%
Andorra
23%
Guatemala
23%
San Marino
21%
Egypt
19%
Haiti
19%
Serbia
19%
Dominican Republic
15%
Brunei
11%
Equatorial Guinea
11%
No matching quizzes found
Score Distribution
Percent of People with Each Score
Percentile by Number Answered
Your Score History
You have not taken this quiz since the last reset